=LDR 00000nam 2200000 4500 =001 INLIS000000000037045 =005 20140327145546.0 =006 =007 =008 Ind =035 ##$$a 0010-061300000037045 =041 ##$$a Ind =082 ##$$a 813 =090 ##$$a 813, Bly g =100 ##$$a Blyton, Enid =245 ##$$a Go a head, Secret seven = mencari anjing hilang, Enid Blyton ; alih bahasa, Agus Setiadi =260 ##$$a Jakarta $b Gramedia pustaka utama $c 2011 =300 ##$$a 150 hlm, 18 cm =650 ##$$a Fiksi Indonesia-terjemahan =700 ##$$a Setiadi Agus =850 ##$$a NBPNMAT =990 ##$$a 91919/BPAP-NTB/2014